000 00431nam a2200181Ia 4500
005 20240823050359.0
008 240823s9999||||xx |||||||||||||| ||und||
041 _aENGLISH
082 _A004 N3
100 _aSubhash Mehta
245 0 _aWord Processing
250 _a2nd
260 _c1993
_b"S.Chand,New Delhi"
500 _aTransfered
650 _aWord Processing
_bComputer Applications
942 _cBK
999 _c217120
_d217120